Development Policy in the Twenty-First Century Beyond the Past-Washington Consensus/ (Record no. 8862)

MARC details
000 -LEADER
fixed length control field 00640nam a22001817a 4500
003 - CONTROL NUMBER IDENTIFIER
control field OSt
005 - DATE AND TIME OF LATEST TRANSACTION
control field 20240625164554.0
008 - FIXED-LENGTH DATA ELEMENTS--GENERAL INFORMATION
fixed length control field 240625b |||||||| |||| 00| 0 eng d
020 ## - INTERNATIONAL STANDARD BOOK NUMBER
International Standard Book Number 0415306183
040 ## - CATALOGING SOURCE
Original cataloging agency DDC
Transcribing agency MUST
082 ## - DEWEY DECIMAL CLASSIFICATION NUMBER
Classification number 338.9 DEV 2001
Item number 20
100 ## - MAIN ENTRY--PERSONAL NAME
Personal name Edited by Ben Fine, Costs Lapavitsas and Johnathan Pincus
9 (RLIN) 17901
245 ## - TITLE STATEMENT
Title Development Policy in the Twenty-First Century Beyond the Past-Washington Consensus/
Statement of responsibility, etc. Edited by Ben Fine, Costs Lapavitsas and Johnathan Pincus
300 ## - PHYSICAL DESCRIPTION
Extent xx,224p.:
Dimensions 23.3cm.
504 ## - BIBLIOGRAPHY, ETC. NOTE
Bibliography, etc Includes Bibliographical Indexes
650 ## - SUBJECT ADDED ENTRY--TOPICAL TERM
Topical term or geographic name as entry element Development Policy.
9 (RLIN) 17902
942 ## - ADDED ENTRY ELEMENTS (KOHA)
Source of classification or shelving scheme Dewey Decimal Classification
Koha item type Open Shelf
Holdings
Withdrawn status Lost status Source of classification or shelving scheme Damaged status Not for loan Home library Current library Source of acquisition Inventory number Total Checkouts Full call number Barcode Date last seen Koha item type Date acquired Price effective from
    Dewey Decimal Classification     MUST Main Library MUST Main Library Purchase 03/19935   338.9 DEV 2001 2024-21344 25/06/2024 Open Shelf    
    Dewey Decimal Classification     MUST Main Library MUST Main Library purchase 03/19934   338.9 DEV 2001 2024-21962 15/07/2024 Open Shelf 15/07/2024 15/07/2024